Miasta Aglomeracji Śląskiej. - Statystyki

Ogólne statystyki
  • Ten quiz został rozwiązany 485 razy
  • Średni wynik to 17 z 29
Statystyki odpowiedzi
Ludność Miasto % Poprawnych
291 774 Katowice
99%
178 186 Gliwice
94%
198 996 Sosnowiec
92%
171 691 Zabrze
91%
164 447 Bytom
90%
107 443 Chorzów
90%
118 899 Dąbrowa Górnicza
84%
127 590 Tychy
83%
137 030 Ruda Śląska
79%
74 601 Mysłowice
72%
66 587 Siemianowice Śląskie
69%
54 860 Piekary Śląskie
68%
57 961 Będzin
66%
61 686 Tarnowskie Góry
65%
90 759 Jaworzno
63%
49 363 Świętochłowice
63%
41 014 Mikołów
55%
31 677 Czeladź
49%
38 594 Knurów
40%
19 575 Bieruń
38%
16 807 Lędziny
34%
16 873 Radzionków
34%
8 894 Imielin
29%
20 773 Orzesze
28%
22 418 Łaziska Górne
26%
16 717 Pyskowice
26%
28 283 Czerwionka-Leszczyny
21%
9 078 Wojkowice
21%
7 092 Sławków
20%
Nie znaleziono quizów pasujących do podanych kryteriów
Rozkład punktacji
Procent ludzi z każdym wynikiem
Percentyl według liczby udzielonych odpowiedzi
Twoja historia wyników
Nie rozwiązałeś tego quizu